| 000 | 00458nam a22001697a 4500 | ||
|---|---|---|---|
| 005 | 20260116095553.0 | ||
| 008 | 260116b |||||||| |||| 00| 0 eng d | ||
| 020 | _a978-81-203-5155-4 | ||
| 100 | _aMARRELLI, JAN | ||
| 245 | _aA GUIDE TO PROGRAMMING IN JAVA | ||
| 250 | _a3RD ED | ||
| 260 |
_aDELHI _bPHI LEARNING PRIVATE _c2012 |
||
| 300 | _aXII, 372P. | ||
| 500 | _aINCLUDES INDEX | ||
| 650 | _aJAVA (COMPUTER PROGRAMMING LANGUAGE) | ||
| 942 |
_2lcc _cBK |
||
| 999 |
_c216462 _d216462 |
||